00847nam a2200205 i 4500001000300000100003600003245018600039250004300225260004100268300002600309650005200335700002100387700002700408020002200435040000800457041000700465080003000472008004100502856009800543bg1 aERECIŃSKI, Tadeuszd(1946- ).00aKomentarz do kodeksu postępowania cywilnego.nCz. 1.nT. 1,pPostępowanie rozpoznawcze /cTadeusz Ereciński, Jacek Gudowski, Maria Jędrzejewska ; pod red. T. Erecińskiego. aStan prawny na dzień 1 marca 1997 r. aWarszawa :bWydaw. Prawnicze,c1997. a814, [2] s. ;c24 cm. 9aPostępowanie cywilnezPolskaystan na 1997 r.1 aGUDOWSKI, Jacek.1 aJĘDRZEJEWSKA, Maria. a8321907261 (t. 1) cBPK0 apl a347.91/.95(438)(094.5.07) s pl f |000 0 pol  uhttp://koha.tu.koszalin.pl/cgi-bin/koha/opac-detail.pl?biblionumber=33716yKatalog online BPK